[Event "Recco op-B 4th"]
[Site "Recco"]
[Date "2010.11.27"]
[Round "2"]
[White "Chiappini, Massimo"]
[Black "Neuhold, Piero"]
[Result "1/2-1/2"]
[WhiteElo "1434"]
[BlackElo "1638"]
[PlyCount "76"]
[EventDate "2010.11.26"]
[EventType "swiss"]
[EventRounds "5"]
[EventCountry "ITA"]
[SourceTitle "EXT 2023"]
[Source "ChessBase"]
[SourceDate "2022.10.05"]
[SourceVersion "1"]
[SourceVersionDate "2022.10.05"]
[SourceQuality "1"]

1. d4 d5 2. Nf3 Nf6 3. c4 g6 4. g3 Bg7 5. Bg2 dxc4 6. Qa4+ Nbd7 7. Ne5 c6 8. Nxd7 Nxd7 9. Qxc4 Nb6 10. Qc2 Qxd4 11. 0-0 0-0 12. Nd2 Be6 13. Nf3 Qc4 14. Qxc4 Nxc4 15. e4 b6 16. Rb1 Ne5 17. Nxe5 Bxe5 18. b3 f5 19. f4 Bg7 20. e5 Bd5 21. Bxd5+ cxd5 22. Ba3 Rfe8 23. Rbc1 e6 24. Rc7 Bf8 25. Bd6 Red8 26. Bxf8 Rxf8 27. Rfc1 Rf7 28. Rc8+ Rxc8 29. Rxc8+ Kg7 30. Rc6 Re7 31. Kf2 Kf7 32. Ke3 Ke8 33. Kd4 Kd7 34. Rd6+ Kc7 35. b4 Kb7 36. b5 h6 37. h3 Kc7 38. a4 Kb7 1/2-1/2

[Event "ITA-ch Seniors 32nd"]
[Site "Arvier"]
[Date "2010.04.19"]
[Round "2"]
[White "Neuhold, Piero"]
[Black "Pettarini, Renato"]
[Result "0-1"]
[WhiteElo "1557"]
[BlackElo "1775"]
[PlyCount "56"]
[EventDate "2010.04.18"]
[EventType "swiss"]
[EventRounds "9"]
[EventCountry "ITA"]
[SourceTitle "EXT 2024"]
[Source "ChessBase"]
[SourceDate "2023.10.10"]
[SourceVersion "1"]
[SourceVersionDate "2023.10.10"]
[SourceQuality "1"]

1. d4 Nf6 2. c4 e6 3. Nc3 Bb4 4. Nf3 b6 5. e3 Ba6 6. Bd2 d5 7. Qa4+ Qd7 8. Qxb4 dxc4 9. Bxc4 Nc6 10. Qa4 Bb7 11. 0-0 0-0 12. Ba6 Bxa6 13. Qxa6 Nb4 14. Qb5 Qe7 15. Qa4 c5 16. a3 Nbd5 17. Nxd5 exd5 18. dxc5 bxc5 19. Bc3 Ne4 20. Rac1 f5 21. b4 c4 22. Qd1 Rad8 23. Bd4 f4 24. Qe2 Rf5 25. Nd2 Nxd2 26. Qxd2 f3 27. g3 Qe6 28. Rfd1 Rh5 0-1